| 000 | 00582cam a2200193 4500500 | ||
|---|---|---|---|
| 005 | 20260329005714.0 | ||
| 041 | _afre | ||
| 042 | _adc | ||
| 100 | 1 | 0 |
_aEltchaninoff, Michel _eauthor |
| 245 | 0 | 0 | _aRester neutre, mission impossible ? |
| 260 | _c2024. | ||
| 500 | _a25 | ||
| 690 | _aGéopolitique | ||
| 690 | _aGuerre | ||
| 690 | _aMichel Eltchaninoff | ||
| 690 | _aNeutre | ||
| 786 | 0 | _nPhilosophie magazine | 182 | 9 | 2024-09-01 | p. 16-16 | 1951-1787 | |
| 856 | 4 | 1 | _uhttps://shs.cairn.info/magazine-philosophie-magazine-2024-9-page-16?lang=fr&redirect-ssocas=7080 |
| 999 |
_c1845789 _d1845789 |
||